EPDM reclaim (EP 101) - A promising raw material (Record no. 58703)

MARC details
000 -LEADER
fixed length control field 00438nam a2200121Ia 4500
100 ## - MAIN ENTRY--AUTHOR NAME
Personal name Patel M Mehul
245 #0 - TITLE STATEMENT
Title EPDM reclaim (EP 101) - A promising raw material
260 ## - PUBLICATION, DISTRIBUTION, ETC. (IMPRINT)
Name of publisher International Conference and Exhibition on Rubber and Allied Materials Asia Rub Tech Expo 2002. 28-30 November 2002, New Delhi. pp.500-504.
650 ## - SUBJECT ADDED ENTRY--TOPICAL TERM
Topical Term EPDM reclaim
700 ## - ADDED ENTRY--PERSONAL NAME
Personal name Satish Kumar K
942 ## - ADDED ENTRY ELEMENTS (KOHA)
Koha item type Journals
Holdings
Withdrawn status Lost status Damaged status Not for loan Home library Current library Shelving location Date acquired Koha item type
      Journals RRII Library RRII Library Rubber chemistry 17/12/2021 Journals